[Event "CRO-chT2 Qual 1B Liga"]
[Site "Trogir"]
[Date "2021.11.21"]
[Round "3.1"]
[White "Dutina, Dario"]
[Black "Dizdarevic, Emir"]
[Result "0-1"]
[WhiteElo "2218"]
[BlackElo "2384"]
[PlyCount "90"]
[EventDate "2021.11.19"]
[EventType "team-tourn"]
[EventRounds "3"]
[EventCountry "CRO"]
[SourceTitle "EXT 2023"]
[Source "ChessBase"]
[SourceDate "2022.10.05"]
[SourceVersion "1"]
[SourceVersionDate "2022.10.05"]
[SourceQuality "1"]
[WhiteTeam "Nasice Slavonac"]
[BlackTeam "Sibenik"]
[WhiteTeamCountry "CRO"]
[BlackTeamCountry "CRO"]

1. e4 c6 2. d4 d5 3. exd5 cxd5 4. Nf3 Nc6 5. Bb5 Bd7 6. 0-0 e6 7. Re1 Bd6 8. Nc3 Nge7 9. a3 0-0 10. Bd3 h6 11. Nb5 Bb8 12. c4 dxc4 13. Bxc4 Ng6 14. Nc3 Nce7 15. Bd3 Bc6 16. Ne5 Qxd4 17. Nxc6 Nxc6 18. Bxg6 fxg6 19. Be3 Qxd1 20. Raxd1 Be5 21. Rd7 Rf7 22. Red1 b6 23. Kf1 Rc8 24. R1d3 Rc7 25. Rxc7 Rxc7 26. Nb5 Re7 27. b4 g5 28. Nc3 Kf7 29. Ne4 Rc7 30. h3 Ne7 31. g3 Nd5 32. Bd4 Bf6 33. Ke1 Rc1+ 34. Kd2 Rh1 35. Nc3 Nxc3 36. Bxc3 Ke7 37. g4 Rf1 38. Rf3 b5 39. Kc2 a6 40. Kd2 e5 41. Kc2 Ke6 42. Kd2 e4 43. Rf5 e3+ 44. fxe3 Rxf5 45. gxf5+ Kxf5 0-1

[Event "Osijek Baranja CupT 13th"]
[Site "Valpovo"]
[Date "2020.02.22"]
[Round "3.1"]
[White "Roklicer, Heike"]
[Black "Dutina, Dario"]
[Result "1/2-1/2"]
[WhiteElo "2020"]
[BlackElo "2228"]
[PlyCount "44"]
[EventDate "2020.02.21"]
[EventType "team-swiss"]
[EventRounds "5"]
[EventCountry "CRO"]
[SourceTitle "EXT 2023"]
[Source "ChessBase"]
[SourceDate "2022.10.05"]
[SourceVersion "1"]
[SourceVersionDate "2022.10.05"]
[SourceQuality "1"]
[WhiteTeam "Donji Miholjac"]
[BlackTeam "Nasice Slavonac"]
[WhiteTeamCountry "CRO"]
[BlackTeamCountry "CRO"]

1. d4 e6 2. c4 b6 3. Nc3 Bb7 4. Nf3 f5 5. g3 Nf6 6. Bg2 Bb4 7. 0-0 Bxc3 8. bxc3 0-0 9. Nd2 Bxg2 10. Kxg2 d6 11. Qc2 Nbd7 12. e4 fxe4 13. Nxe4 Nxe4 14. Qxe4 e5 15. Be3 Nf6 16. Qh4 Qd7 17. a4 a5 18. Bg5 Qf5 19. Rae1 Nd7 20. Qh3 Qf3+ 21. Kg1 Rf7 22. Qg2 Raf8 1/2-1/2

[Event "CRO Cup"]
[Site "Mali Losinj"]
[Date "2019.05.19"]
[Round "6.33"]
[White "Dutina, Dario"]
[Black "Kurajica, Bojan"]
[Result "1-0"]
[WhiteElo "2225"]
[BlackElo "2505"]
[PlyCount "83"]
[EventDate "2019.05.15"]
[EventType "team-swiss"]
[EventRounds "6"]
[EventCountry "CRO"]
[SourceTitle "CBM 190 Extra"]
[Source "ChessBase"]
[SourceDate "2019.07.15"]
[SourceVersion "1"]
[SourceVersionDate "2019.07.15"]
[SourceQuality "1"]
[WhiteTeam "Zagreb Sesvete"]
[BlackTeam "Solin Cemex"]
[WhiteTeamCountry "CRO"]
[BlackTeamCountry "CRO"]

1. e4 c5 2. Nc3 a6 3. f4 b5 4. g3 Bb7 5. Bg2 b4 6. Nd5 e6 7. Ne3 d6 8. d3 Nc6 9. Nf3 g6 10. 0-0 Bg7 11. f5 Nf6 12. g4 Nd7 13. g5 h6 14. fxe6 fxe6 15. Nc4 Qe7 16. gxh6 Bxh6 17. Bxh6 Rxh6 18. Qd2 Rh5 19. Qf4 Nde5 20. Qg3 0-0-0 21. Nfxe5 dxe5 22. Rf2 Rdh8 23. h3 Kb8 24. Raf1 R8h7 25. c3 Ka7 26. Rf6 g5 27. Qg4 Qd7 28. R1f3 a5 29. Qxe6 Qxe6 30. Rxe6 g4 31. hxg4 Rg5 32. Bh3 a4 33. a3 bxa3 34. bxa3 Kb8 35. Kg2 Kc7 36. Rff6 Rd7 37. Rf5 Rxf5 38. gxf5 Rxd3 39. f6 Nd8 40. Re7+ Kb8 41. Bf5 Rxc3 42. Nxe5 1-0

[Event "CRO-chT1A 27th"]
[Site "Biograd"]
[Date "2018.09.14"]
[Round "7.55"]
[White "Dutina, Dario"]
[Black "Golubovic, Boris"]
[Result "1/2-1/2"]
[WhiteElo "2245"]
[BlackElo "2386"]
[PlyCount "39"]
[EventDate "2018.09.08"]
[EventType "team-tourn"]
[EventRounds "9"]
[EventCountry "CRO"]
[SourceTitle "CBM 186 Extra"]
[Source "ChessBase"]
[SourceDate "2018.08.24"]
[SourceVersion "1"]
[SourceVersionDate "2018.08.24"]
[SourceQuality "1"]
[WhiteTeam "Sesvete Sljeme"]
[BlackTeam "Rijeka Rijeka"]
[WhiteTeamCountry "CRO"]
[BlackTeamCountry "CRO"]

1. e4 c6 2. Bc4 d5 3. Bb3 e6 4. d4 dxe4 5. Nc3 Nf6 6. Bg5 Be7 7. Nge2 Nbd7 8. Ng3 b6 9. Ncxe4 Nxe4 10. Bxe7 Qxe7 11. Nxe4 Bb7 12. 0-0 0-0 13. Qe2 c5 14. Rad1 Rad8 15. c3 cxd4 16. Rxd4 Bxe4 17. Rxe4 Nc5 18. Re3 Nxb3 19. axb3 a5 20. Rd1 1/2-1/2

[Event "CRO Cup"]
[Site "Mali Losinj"]
[Date "2017.05.13"]
[Round "5.3"]
[White "Dutina, Dario"]
[Black "Doric, Nenad"]
[Result "1/2-1/2"]
[WhiteElo "2285"]
[BlackElo "2259"]
[PlyCount "33"]
[EventDate "2017.05.10"]
[EventType "team-swiss"]
[EventRounds "6"]
[EventCountry "CRO"]
[SourceTitle "CBM 178 Extra"]
[Source "ChessBase"]
[SourceDate "2017.06.22"]
[SourceVersion "1"]
[SourceVersionDate "2017.06.22"]
[SourceQuality "1"]
[WhiteTeam "Sesvete"]
[BlackTeam "Kastel Novi Sedlar"]
[WhiteTeamCountry "CRO"]
[BlackTeamCountry "CRO"]

1. e4 e5 2. Nf3 Nf6 3. Nxe5 d6 4. Nf3 Nxe4 5. Nc3 Nxc3 6. dxc3 Be7 7. Be3 0-0 8. Qd2 Nd7 9. 0-0-0 Ne5 10. Be2 Ng4 11. Nd4 Re8 12. Bxg4 Bxg4 13. f3 Bd7 14. Kb1 a5 15. c4 a4 16. a3 Bf6 17. g4 1/2-1/2

[Event "CRO-chT1A 24th"]
[Site "Bol"]
[Date "2015.10.03"]
[Round "1.35"]
[White "Brumen, Dinko"]
[Black "Dutina, Dario"]
[Result "1/2-1/2"]
[WhiteElo "2356"]
[BlackElo "2313"]
[PlyCount "60"]
[EventDate "2015.10.03"]
[EventType "team-tourn"]
[EventRounds "9"]
[EventCountry "CRO"]
[SourceTitle "CBM 168 Extra"]
[Source "ChessBase"]
[SourceDate "2015.10.29"]
[SourceVersion "1"]
[SourceVersionDate "2015.10.29"]
[SourceQuality "1"]
[WhiteTeam "Zagreb Mladost"]
[BlackTeam "Sesvete Sljeme"]
[WhiteTeamCountry "CRO"]
[BlackTeamCountry "CRO"]

1. e4 e5 2. Nf3 Nc6 3. Bb5 Nf6 4. d3 Bc5 5. 0-0 Nd4 6. Nxd4 Bxd4 7. c3 Bb6 8. Bg5 h6 9. Bh4 c6 10. Ba4 d6 11. Nd2 g5 12. Bg3 Bg4 13. Qe1 Nh5 14. Nc4 Nf4 15. Bxf4 gxf4 16. d4 Bc7 17. Bd1 Be6 18. b3 Qg5 19. Kh1 Rg8 20. Rg1 0-0-0 21. a4 Rg7 22. a5 Rdg8 23. a6 b6 24. Bf3 h5 25. dxe5 dxe5 26. Rd1 Qe7 27. Qe2 h4 28. h3 Qc5 29. Rgf1 b5 30. Nd2 Rd8 1/2-1/2

[Event "CRO-CupT final"]
[Site "Sibenik"]
[Date "2015.05.22"]
[Round "4.6"]
[White "Sokac, Marko"]
[Black "Dutina, Dario"]
[Result "1-0"]
[WhiteElo "2314"]
[BlackElo "2328"]
[PlyCount "101"]
[EventDate "2015.05.20"]
[EventType "team-swiss"]
[EventRounds "6"]
[EventCountry "CRO"]
[SourceTitle "CBM 166 Extra"]
[Source "ChessBase"]
[SourceDate "2015.06.18"]
[SourceVersion "1"]
[SourceVersionDate "2015.06.18"]
[SourceQuality "1"]
[WhiteTeam "Novo Virje Konaki"]
[BlackTeam "Sesvete"]
[WhiteTeamCountry "CRO"]
[BlackTeamCountry "CRO"]

1. e4 c5 2. Nf3 e6 3. d4 cxd4 4. Nxd4 a6 5. Bd3 Bc5 6. Nb3 Be7 7. 0-0 d6 8. c4 Nf6 9. Nc3 Qc7 10. f4 b6 11. Qf3 Bb7 12. Qg3 g6 13. Be3 Nbd7 14. Nd2 0-0 15. Rac1 Rfe8 16. Qh3 Bf8 17. g4 Nc5 18. Bc2 d5 19. cxd5 exd5 20. e5 d4 21. Bxd4 Qd7 22. Be3 Qxg4+ 23. Qg3 Qxg3+ 24. hxg3 Nfe4 25. Bf2 Nxf2 26. Kxf2 Red8 27. Nde4 Nd3+ 28. Bxd3 Rxd3 29. Rfd1 Rad8 30. Rxd3 Rxd3 31. Ke2 Rd4 32. Ke3 Rd8 33. Nf6+ Kg7 34. Nce4 Rc8 35. Rd1 Bc6 36. Nd6 Rb8 37. Rc1 Bxd6 38. Rxc6 Bc5+ 39. Ke4 Bf2 40. g4 h6 41. Rc7 b5 42. g5 hxg5 43. fxg5 Bb6 44. Rd7 Rd8 45. e6 Rxd7 46. exd7 Kf8 47. Kd5 Ke7 48. Kc6 Bd8 49. Kb7 b4 50. Kc8 Ba5 51. Ne8 1-0

[Event "CRO-CupT final"]
[Site "Sibenik"]
[Date "2015.05.21"]
[Round "2.2"]
[White "Kurajica, Bojan"]
[Black "Dutina, Dario"]
[Result "1-0"]
[WhiteElo "2518"]
[BlackElo "2328"]
[PlyCount "48"]
[EventDate "2015.05.20"]
[EventType "team-swiss"]
[EventRounds "6"]
[EventCountry "CRO"]
[SourceTitle "CBM 166 Extra"]
[Source "ChessBase"]
[SourceDate "2015.06.18"]
[SourceVersion "1"]
[SourceVersionDate "2015.06.18"]
[SourceQuality "1"]
[WhiteTeam "Solin Cemex"]
[BlackTeam "Sesvete"]
[WhiteTeamCountry "CRO"]
[BlackTeamCountry "CRO"]

1. Nf3 e6 2. c4 f5 3. b3 Nf6 4. Bb2 b6 5. g3 Bb7 6. Bg2 Be7 7. Qc2 0-0 8. 0-0 Na6 9. a3 c5 10. Nc3 d5 11. e3 Ne4 12. Ne2 Nc7 13. d3 Ng5 14. Nxg5 Bxg5 15. d4 cxd4 16. Nxd4 Rc8 17. Rfd1 Qe7 18. Rac1 Bf6 19. Qd2 Rfd8 20. cxd5 Bxd4 21. Qxd4 Bxd5 22. Qe5 Qd7 23. g4 Qe7 24. Bxd5 Nxd5 1-0

[Event "CRO-chT1A"]
[Site "Bol"]
[Date "2014.10.08"]
[Round "5.1"]
[White "Kovacevic, Blazimir"]
[Black "Dutina, Dario"]
[Result "1-0"]
[WhiteElo "2467"]
[BlackElo "2265"]
[PlyCount "129"]
[EventDate "2014.10.04"]
[EventType "team-tourn"]
[EventRounds "9"]
[EventCountry "CRO"]
[SourceTitle "CBM 162 Extra"]
[Source "ChessBase"]
[SourceDate "2014.10.17"]
[SourceVersion "1"]
[SourceVersionDate "2014.10.17"]
[SourceQuality "1"]
[WhiteTeam "Rijeka Liburnija"]
[BlackTeam "Sesvete"]
[WhiteTeamCountry "CRO"]
[BlackTeamCountry "CRO"]

1. Nf3 Nf6 2. c4 g6 3. Nc3 d5 4. cxd5 Nxd5 5. Qc2 Nb6 6. d4 Nc6 7. e4 Bg7 8. d5 Nb4 9. Qb3 a5 10. a3 Na6 11. Be3 0-0 12. Rd1 Bg4 13. Be2 Qc8 14. 0-0 Nd7 15. h3 Bxf3 16. Bxf3 Re8 17. Be2 c6 18. Bg4 Nab8 19. Na4 Qc7 20. Qc2 Nf6 21. Be2 Nbd7 22. dxc6 Qxc6 23. Qxc6 bxc6 24. f3 Rab8 25. Rd2 Nf8 26. Rc1 Rb3 27. Rd3 Rxd3 28. Bxd3 N6d7 29. Ba6 Nb8 30. Bb7 Ne6 31. Bxc6 Nxc6 32. Rxc6 Rb8 33. Bb6 Ra8 34. Kf1 Be5 35. Rc2 g5 36. Be3 f6 37. Ke1 Kf7 38. Nb6 Ra6 39. Nc4 Bg3+ 40. Kd1 a4 41. Nb6 Be5 42. Nd5 Ra5 43. Kc1 h5 44. Rc4 h4 45. Kc2 Rb5 46. Rb4 Rxb4 47. axb4 Ke8 48. Bc5 Nxc5 49. bxc5 Bd4 50. Nc3 Bxc5 51. Nxa4 Ba7 52. b4 Kd7 53. Nb2 Kc6 54. Kb3 Bb8 55. Kc4 e6 56. Nd3 Bd6 57. Nc5 Bb8 58. Nxe6 Kd6 59. Nc5 Ba7 60. Nd3 Kc6 61. f4 gxf4 62. Nxf4 Kd6 63. Kd3 Bf2 64. Ke2 Bg3 65. Kf3 1-0

[Event "Zagreb op"]
[Site "Zagreb"]
[Date "2014.03.20"]
[Round "4"]
[White "Dutina, Dario"]
[Black "Jakovljevic, Vlado"]
[Result "0-1"]
[WhiteElo "2253"]
[BlackElo "2413"]
[PlyCount "100"]
[EventDate "2014.03.17"]
[EventType "swiss"]
[EventRounds "9"]
[EventCountry "CRO"]
[SourceTitle "CBM 159 Extra"]
[Source "ChessBase"]
[SourceDate "2014.04.24"]
[SourceVersion "1"]
[SourceVersionDate "2014.04.24"]
[SourceQuality "1"]

1. e4 c5 2. Nf3 e6 3. d4 cxd4 4. Nxd4 Nc6 5. Nc3 a6 6. Be3 d6 7. Bc4 Nf6 8. Bb3 Be7 9. Qe2 Qc7 10. 0-0-0 0-0 11. h3 Na5 12. Kb1 b5 13. Bg5 b4 14. Na4 Bd7 15. f4 Nxb3 16. cxb3 Rfc8 17. e5 dxe5 18. Rc1 Qa5 19. Qxe5 Bb5 20. Nc6 Rxc6 21. Rxc6 Nd7 22. Qc7 Qxc7 23. Rxc7 f6 24. Bh4 Bd6 25. Rxd7 Bxd7 26. Nb6 Rd8 27. Rd1 Bc6 28. Nc4 Bc7 29. Rxd8+ Bxd8 30. g4 Be4+ 31. Kc1 Bc7 32. Bg3 g5 33. Kd2 gxf4 34. Bf2 Bg2 35. h4 Bf3 36. Bc5 Bxg4 37. Bxb4 e5 38. Bd6 Bxd6 39. Nxd6 Kf8 40. Ne4 Ke7 41. Nc5 Bc8 42. b4 Kd6 43. Ne4+ Kd5 44. Nxf6+ Kd4 45. Nxh7 e4 46. Ng5 e3+ 47. Ke1 Bg4 48. a4 f3 49. b5 f2+ 50. Kf1 Kd3 0-1